| 000 | 00000nam 2200000za 4500 |
| 001 | 9.812753 |
| 003 | CaOODSP |
| 005 | 20221107141403 |
| 007 | cr ||||||||||| |
| 008 | 160311s2016 onc o f000 0 eng d |
| 040 | |aCaOODSP|beng |
| 043 | |an-cn--- |
| 086 | 1 |aXC59-1/1-421-04E-PDF |
| 110 | 1 |aCanada. |bParliament. |bHouse of Commons. |bStanding Committee on Procedure and House Affairs. |
| 245 | 11|a[Matters relating to the Conflict of Interest Code for members of the House of Commons] |h[electronic resource]. |
| 260 | |a[Ottawa] : |bHouse of Commons, |c2016. |
| 300 | |a1, [3] p. |
| 490 | 1 |aReport of the Standing Committee on Procedure and House Affairs ; |vFourth report, 42nd parliament, 1st session |
| 500 | |aIssued also in French under title: Questions concernant le Code régissant les conflits d'intérêts des depute. |
| 692 | 07|2gccst|aMembers of the House of Commons |
| 692 | 07|2gccst|aConflicts of interest |
| 775 | 08|t[Questions concernant le Code régissant les conflits d'intérêts des députés] |w(CaOODSP)9.812757 |
| 830 | #0|aReport of the Standing Committee on Procedure and House Affairs ;|vFourth report, 42nd parliament, 1st session|w(CaOODSP)9.506911 |
| 856 | 40|qPDF|s2.80 MB|uhttps://publications.gc.ca/collections/collection_2016/parl/xc59-1/XC59-1-1-421-04-eng.pdf |